| 000 -LEADER | |
|---|---|
| fixed length control field | 00327nam a22001337a 4500 |
| 020 ## - INTERNATIONAL STANDARD BOOK NUMBER | |
| ISBN | 0333187059 |
| 050 ## - LIBRARY OF CONGRESS CALL NUMBER | |
| Classification number | DT 20 |
| 100 ## - MAIN ENTRY--AUTHOR NAME | |
| Personal name | ISICHEI,Elizabeth |
| 245 ## - TITLE STATEMENT | |
| Title | History of west Africa Since 1800 |
| 260 ## - PUBLICATION, DISTRIBUTION, ETC. (IMPRINT) | |
| Place of publication | London and Basingstoke |
| Name of publisher | Macmillan education Limited |
| Year of publication | 1977 |
| 300 ## - PHYSICAL DESCRIPTION | |
| Number of Pages | 380p |
| 942 ## - ADDED ENTRY ELEMENTS (KOHA) | |
| Koha item type | Books |
| 988 ## - PAGINATION/EXTENT | |
| PAGINATION/EXTENT | xii,380p.; |
| Koha item type | Collection code | Accession Number | Permanent Location | Current Location | Date acquired | Full call number |
|---|---|---|---|---|---|---|
| Books | Reference | 2859 | Chapman Library | Chapman Library | 2017-02-14 | DT 20 isi |

